Greenwitch/ (Record no. 72)

MARC details
000 -LEADER
fixed length control field 00473nam a2200193 a 4500
005 - DATE AND TIME OF LATEST TRANSACTION
control field 20260322212005.0
008 - FIXED-LENGTH DATA ELEMENTS--GENERAL INFORMATION
fixed length control field data
020 ## - INTERNATIONAL STANDARD BOOK NUMBER
International Standard Book Number 0689840349
020 ## - INTERNATIONAL STANDARD BOOK NUMBER
International Standard Book Number 9780689840340
099 ## - LOCAL FREE-TEXT CALL NUMBER (OCLC)
Classification number COOPES
001 - CONTROL NUMBER
control field data
100 1# - MAIN ENTRY--PERSONAL NAME
Personal name Cooper, Susan,
Dates associated with a name 1935-
245 10 - TITLE STATEMENT
Title Greenwitch/
Statement of responsibility, etc. Susan Cooper.
260 ## - PUBLICATION, DISTRIBUTION, ETC.
Place of publication, distribution, etc. New York :
Name of publisher, distributor, etc. Aladdin Paperbacks, ;
Date of publication, distribution, etc. 2000, ♭1997.
300 ## - PHYSICAL DESCRIPTION
Extent 147 p. ;
Other physical details 22 cm.
490 1# - SERIES STATEMENT
Series statement The Dark is rising sequence.
650 #0 - SUBJECT ADDED ENTRY--TOPICAL TERM
Topical term or geographic name entry element Science fiction
650 #0 - SUBJECT ADDED ENTRY--TOPICAL TERM
Topical term or geographic name entry element Fantasy
Holdings
Withdrawn status Lost status Damaged status Not for loan Home library Current library Shelving location Date acquired Total checkouts Full call number Barcode Date last seen Price effective from Koha item type
        Riverside Riverside General stacks 22/03/2026   GEN BC0010075 22/03/2026 22/03/2026 Books